000 00711nam a22002177a 4500
999 _c12796
_d12796
003 AR-CdUCM
008 190410b ||||| |||| 00| 0 spa d
040 _aMUNICIPALIDAD PROVINCIAL DEL CUSCO
_cBIBLIOTECA MUNICIPAL DEL CUSCO
082 _aES / 373 /
_bR84
100 _aRossel Huicí, Gladys
_930862
245 _aAl ladrón se le olvidó la luna en la ventana :
_bCuentos y relatas /
260 _aLima :
_bCONCYTEC,
_c1989.
300 _a121 paginas ;
_bIlustraciones, Graficos, Dibujos,
_c20 cm.
500 _aCuentos y relatos
650 _aCuentos
_9217
650 _aRelatos
_9195
650 _aHistoria
_9136
650 _aTexto educativo
_925832
942 _2ddc
_cLIBROS
945 _apjha
_d2019-04-10